| 000 | 01180nam a22002177a 4500 | ||
|---|---|---|---|
| 999 |
_c5288 _d5288 |
||
| 003 | OSt | ||
| 005 | 20250902131850.0 | ||
| 008 | 250902b ||||| |||| 00| 0 eng d | ||
| 020 | _a9780571355907 | ||
| 040 | _cKH8 | ||
| 082 | _aFIC ORW | ||
| 100 |
_aOrwell, George, _d1903-1950, _eauthor. |
||
| 245 |
_aAnimal Farm / _cGeorge Orwell and illustrated by Chris Mould. |
||
| 260 |
_aLondon ; _bFaber & Faber Limited , _c2021. |
||
| 300 |
_a151 pages : _billustrations ; _c20 cm. |
||
| 520 | _aOne of our hand-picked classics that no home should be without, Animal Farm is the classic story of revolution – now with fabulous illustrations by Chris Mould. All animals are equal, but some animals are more equal than others. When the animals overthrow the oppressive Mr. Jones, they think their problems are over, but in Orwell’s great indictment of the Russian Revolution, they find that power corrupts and they have merely swapped one form of tyranny for another. With an exciting new cover and inside illustrations by superstar Chris Mould. | ||
| 650 |
_aFarmer _vfiction |
||
| 650 |
_aChildren's classic _vfiction |
||
| 700 |
_aMould, Chris, _eillustrator. |
||
| 942 |
_2ddc _cFIC |
||